Sports Quiz

Random Sports or World Cup Quiz

IBU Biathlon World Cup - Top 5 per season Quiz Stats

 Plays Quiz not verified by Sporcle

Challenge
Share
Tweet
Embed
Score 0/200 Timer 10:00
2 Plays Today
Season Athlete % Correct
2014/2015 (male)Martin Fourcade
98.2%
2013/2014 (male)Martin Fourcade
98.2%
2012/2013 (male)Martin Fourcade
98.2%
2011/2012 (male)Martin Fourcade
98.2%
2010/2011 (male)Martin Fourcade
98.2%
2009/2010 (male)Martin Fourcade
98.2%
2011/2012 (male)Simon Fourcade
97.2%
2008/2009 (male)Ole Einar Bjørndalen
95.9%
2007/2008 (male)Ole Einar Bjørndalen
95.9%
2006/2007 (male)Ole Einar Bjørndalen
95.9%
2005/2006 (male)Ole Einar Bjørndalen
95.9%
2004/2005 (male)Ole Einar Bjørndalen
95.9%
2003/2004 (male)Ole Einar Bjørndalen
95.9%
2002/2003 (male)Ole Einar Bjørndalen
95.9%
2001/2002 (male)Ole Einar Bjørndalen
95.9%
2000/2001 (male)Ole Einar Bjørndalen
95.9%
1999/2000 (male)Ole Einar Bjørndalen
95.9%
1998/1999 (male)Ole Einar Bjørndalen
95.9%
1997/1998 (male)Ole Einar Bjørndalen
95.9%
1996/1997 (male)Ole Einar Bjørndalen
95.9%
2010/2011 (male)Tarjei Bø
95.3%
2014/2015 (male)Johannes Thingnes Bø
94.5%
2013/2014 (male)Johannes Thingnes Bø
94.5%
2013/2014 (male)Emil Hegle Svendsen
92.9%
2012/2013 (male)Emil Hegle Svendsen
92.9%
2011/2012 (male)Emil Hegle Svendsen
92.9%
2010/2011 (male)Emil Hegle Svendsen
92.9%
2009/2010 (male)Emil Hegle Svendsen
92.9%
2008/2009 (male)Emil Hegle Svendsen
92.9%
2007/2008 (male)Emil Hegle Svendsen
92.9%
2014/2015 (female)Darya Domracheva
88.8%
2013/2014 (female)Darya Domracheva
88.8%
2012/2013 (female)Darya Domracheva
88.8%
2011/2012 (female)Darya Domracheva
88.8%
2014/2015 (female)Kaisa Mäkäräinen
88.4%
2013/2014 (female)Kaisa Mäkäräinen
88.4%
2012/2013 (female)Kaisa Mäkäräinen
88.4%
2011/2012 (female)Kaisa Mäkäräinen
88.4%
2010/2011 (female)Kaisa Mäkäräinen
88.4%
2014/2015 (male)Jakov Fak
86%
2012/2013 (male)Jakov Fak
86%
2006/2007 (male)Raphaël Poirée
84.8%
2005/2006 (male)Raphaël Poirée
84.8%
2004/2005 (male)Raphaël Poirée
84.8%
2003/2004 (male)Raphaël Poirée
84.8%
2002/2003 (male)Raphaël Poirée
84.8%
2001/2002 (male)Raphaël Poirée
84.8%
2000/2001 (male)Raphaël Poirée
84.8%
1999/2000 (male)Raphaël Poirée
84.8%
1998/1999 (male)Raphaël Poirée
84.8%
1997/1998 (male)Raphaël Poirée
84.8%
2013/2014 (female)Tora Berger
84.6%
2012/2013 (female)Tora Berger
84.6%
2011/2012 (female)Tora Berger
84.6%
2010/2011 (female)Tora Berger
84.6%
2008/2009 (female)Tora Berger
84.6%
2003/2004 (female)Liv Grete Poirée
84.3%
2001/2002 (female)Liv Grete Poirée
84.3%
2000/2001 (female)Liv Grete Poirée
84.3%
1998/1999 (female)Liv Grete Skjelbreid
84.3%
2003/2004 (male)Lars Berger
83.9%
2011/2012 (female)Magdalena Neuner
83.7%
2010/2011 (female)Magdalena Neuner
83.7%
2009/2010 (female)Magdalena Neuner
83.7%
2008/2009 (female)Magdalena Neuner
83.7%
2007/2008 (female)Magdalena Neuner
83.7%
2006/2007 (female)Magdalena Neuner
83.7%
Season Athlete % Correct
2014/2015 (male)Anton Shipulin
82.9%
2013/2014 (male)Dominik Landertinger
79.3%
2012/2013 (male)Dominik Landertinger
79.3%
2013/2014 (female)Gabriela Soukalová
77.6%
2013/2014 (male)Simon Eder
77.4%
2014/2015 (male)Simon Schempp
75.8%
2011/2012 (male)Arnd Peiffer
69.5%
2010/2011 (male)Arnd Peiffer
69.5%
2012/2013 (female)Andrea Henkel
67.5%
2010/2011 (female)Andrea Henkel
67.5%
2009/2010 (female)Andrea Henkel
67.5%
2008/2009 (female)Andrea Henkel
67.5%
2007/2008 (female)Andrea Henkel
67.5%
2006/2007 (female)Andrea Henkel
67.5%
2000/2001 (female)Andrea Henkel
67.5%
1999/2000 (female)Andrea Henkel
67.5%
2014/2015 (female)Valj Semerenko
66.5%
2008/2009 (male)Michael Greis
65.7%
2007/2008 (male)Michael Greis
65.7%
2006/2007 (male)Michael Greis
65.7%
2005/2006 (male)Sven Fischer
65.2%
2004/2005 (male)Sven Fischer
65.2%
2001/2002 (male)Sven Fischer
65.2%
2000/2001 (male)Sven Fischer
65.2%
1999/2000 (male)Sven Fischer
65.2%
1998/1999 (male)Sven Fischer
65.2%
1997/1998 (male)Sven Fischer
65.2%
1996/1997 (male)Sven Fischer
65.2%
1995/1996 (male)Sven Fischer
65.2%
2012/2013 (female)Marie Dorin Habert
61.8%
2008/2009 (female)Kati Wilhelm
61%
2007/2008 (female)Kati Wilhelm
61%
2006/2007 (female)Kati Wilhelm
61%
2005/2006 (female)Kati Wilhelm
61%
2004/2005 (female)Kati Wilhelm
61%
2003/2004 (male)Ricco Groß
60.4%
2002/2003 (male)Ricco Groß
60.4%
1998/1999 (male)Ricco Groß
60.4%
1997/1998 (male)Ricco Groß
60.4%
1996/1997 (male)Ricco Groß
60.4%
2014/2015 (female)Veronika Vítková
60%
2001/2002 (female)Magdalena Forsberg
60%
2000/2001 (female)Magdalena Forsberg
60%
1999/2000 (female)Magdalena Forsberg
60%
1998/1999 (female)Magdalena Forsberg
60%
1997/1998 (female)Magdalena Forsberg
60%
1996/1997 (female)Magdalena Forsberg
60%
1995/1996 (female)Magdalena Wallin
60%
2007/2008 (female)Sandrine Bailly
54.5%
2005/2006 (female)Sandrine Bailly
54.5%
2004/2005 (female)Sandrine Bailly
54.5%
2003/2004 (female)Sandrine Bailly
54.5%
2011/2012 (female)Helena Ekholm
53%
2010/2011 (female)Helena Ekholm
53%
2009/2010 (female)Helena Jonsson
53%
2008/2009 (female)Helena Jonsson
53%
2005/2006 (female)Uschi Disl
52.8%
2004/2005 (female)Uschi Disl
52.8%
2003/2004 (female)Uschi Disl
52.8%
2001/2002 (female)Uschi Disl
52.8%
1998/1999 (female)Uschi Disl
52.8%
1997/1998 (female)Uschi Disl
52.8%
1996/1997 (female)Uschi Disl
52.8%
1995/1996 (female)Uschi Disl
52.8%
2012/2013 (male)Andreas Birnbacher
52.4%
2011/2012 (male)Andreas Birnbacher
52.4%
2008/2009 (male)Tomasz Sikora
50.6%
Season Athlete % Correct
2005/2006 (male)Tomasz Sikora
50.6%
2007/2008 (female)Martina Glagow
48.6%
2005/2006 (female)Martina Glagow
48.6%
2002/2003 (female)Martina Glagow
48.6%
2014/2015 (female)Franziska Hildebrand
48.2%
2003/2004 (male)Halvard Hanevold
46.5%
2002/2003 (male)Halvard Hanevold
46.5%
1997/1998 (male)Halvard Hanevold
46.5%
2009/2010 (female)Anna Carin Olofsson-Zidek
46.1%
2006/2007 (female)Anna Carin Olofsson
46.1%
2005/2006 (female)Anna Carin Olofsson
46.1%
2005/2006 (male)Michael Rösch
45.3%
2009/2010 (male)Christoph Sumann
45.1%
1999/2000 (male)Frank Luck
40.4%
1998/1999 (male)Frank Luck
40.4%
2001/2002 (male)Frode Andresen
37.2%
2000/2001 (male)Frode Andresen
37.2%
2004/2005 (female)Olga Zaitseva
36.8%
2008/2009 (male)Maxim Tchoudov
32.3%
2010/2011 (male)Ivan Tcherezov
32.1%
2009/2010 (male)Ivan Tcherezov
32.1%
2007/2008 (male)Ivan Tcherezov
32.1%
2006/2007 (male)Ivan Tcherezov
32.1%
2001/2002 (male)Pavel Rostovtsev
30.1%
2000/2001 (male)Pavel Rostovtsev
30.1%
1999/2000 (male)Pavel Rostovtsev
30.1%
2002/2003 (female)Olena Zubrilova
29.1%
2000/2001 (female)Olena Zubrilova
29.1%
1999/2000 (female)Olena Zubrilova
29.1%
1998/1999 (female)Olena Zubrilova
29.1%
2009/2010 (female)Simone Hauswald
28.7%
2004/2005 (female)Olga Pyleva
28.7%
2003/2004 (female)Olga Pyleva
28.7%
2001/2002 (female)Olga Pyleva
28.7%
2009/2010 (male)Evgeny Ustyugov
26.8%
2000/2001 (female)Corinne Niogret
26.6%
1999/2000 (female)Corinne Niogret
26.6%
1998/1999 (female)Corinne Niogret
26.6%
1997/1998 (female)Corinne Niogret
26.6%
1996/1997 (female)Corinne Niogret
26.6%
2004/2005 (male)Sergey Tchepikov
25%
2002/2003 (male)Vladimir Drachev
24.2%
1995/1996 (male)Vladimir Drachev
24.2%
2002/2003 (female)Sylvie Becaert
20.3%
2001/2002 (female)Katrin Apel
20.3%
2006/2007 (female)Florence Baverel-Robert
19.9%
2002/2003 (female)Albina Akhatova
18.3%
2007/2008 (male)Dmitry Yaroshenko
17.3%
2006/2007 (male)Dmitry Yaroshenko
17.3%
2002/2003 (female)Ekaterina Dafovska
17.3%
2013/2014 (female)Olga Vilukhina
16.1%
2003/2004 (female)Anna Bogali
13.8%
1997/1998 (female)Martina Zellner
13.4%
1996/1997 (female)Petra Behle
13.4%
1995/1996 (female)Petra Behle
13.4%
1999/2000 (female)Galina Koukleva
10%
1997/1998 (female)Galina Koukleva
10%
2004/2005 (male)Sergey Rozhkov
9.3%
1995/1996 (male)Ludwig Gredler
8.9%
1996/1997 (female)Simone Greiner-Petter-Memm
8.3%
1995/1996 (female)Emmanuelle Claret
8.1%
1996/1997 (male)Viktor Maygurov
7.7%
1995/1996 (male)Viktor Maygurov
7.7%
1995/1996 (male)Pieralberto Carrara
7.1%
1995/1996 (female)Andreja Grašič
4.7%
1996/1997 (male)Pavel Muslimov
4.3%

You're not logged in!

Compare scores with friends on all Sporcle quizzes.
OR
Log In

You Might Also Like...

Show Comments

Extras

Top Quizzes Today


Score Distribution

Your Account Isn't Verified!

In order to create a playlist on Sporcle, you need to verify the email address you used during registration. Go to your Sporcle Settings to finish the process.

Report this User

Report this user for behavior that violates our Community Guidelines.

Details: